000
00286 a2200097 4500
020
_a
9789332552456
100
_a
Michael Miller
245
_a
The internet of things: how smart TVs, smart cars, smart home, and smart cities are changing the world
260
_b
Pearson
_c
2022
942
_c
OO
999
_c
115399
_d
115398